[Event "SR 3. liga A2 2016/2017"]
[Site "?"]
[Date "2017.02.19"]
[Round "9.3"]
[White "Danihel, Jozef"]
[Black "Minarik, Jozef"]
[Result "1-0"]
[WhiteElo "1514"]
[BlackElo "1246"]
[PlyCount "59"]
[EventDate "2016.??.??"]

1. d4 Nf6 2. Nf3 d5 3. e3 Bg4 4. Be2 e6 5. a3 Bd6 6. Nc3 Nc6 7. b4 Ne7 8. Nd2
Bxe2 9. Qxe2 O-O 10. O-O c6 11. Nf3 Ng6 12. e4 dxe4 13. Nxe4 Nxe4 14. Qxe4 h6
15. Bb2 Be7 16. Rad1 Qd6 17. g3 Qd5 18. Qxd5 cxd5 19. Rc1 b5 20. a4 bxa4 21.
Ra1 Bd6 22. Rxa4 Rfb8 23. c3 Bc7 24. Rfa1 Bb6 25. Ra6 Kf8 26. Nd2 Ke8 27. c4
dxc4 28. Nxc4 Ne7 29. Nxb6 Rxb6 30. Rxb6 1-0

[Event "SR 3. liga A2 2016/2017"]
[Site "?"]
[Date "2017.02.19"]
[Round "9.4"]
[White "Pagerka, Martin"]
[Black "Cech, Dominik"]
[Result "1-0"]
[WhiteElo "2332"]
[BlackElo "2212"]
[PlyCount "83"]
[EventDate "2016.??.??"]

1. e4 c5 2. Nf3 e6 3. d4 cxd4 4. Nxd4 Nc6 5. Nc3 Qc7 6. Be3 a6 7. Qd2 Nf6 8. f3
h5 9. O-O-O Be7 10. h3 h4 11. f4 b5 12. Bd3 Bb7 13. e5 b4 14. Ne4 Nd5 15. Nxc6
Qxc6 16. Bd4 Qa4 17. Bc4 Rc8 18. Bb3 Qc6 19. Nd6+ Bxd6 20. exd6 f6 21. Bxd5
Qxd5 22. Qxb4 Qxg2 23. c3 Be4 24. Qa4 Rb8 25. b4 Bg6 26. Rde1 Qd5 27. Rhg1 Rh6
28. Qb3 Qxb3 29. axb3 Kf7 30. Kb2 Bf5 31. Ra1 Bxh3 32. Rxa6 Bf5 33. Ra7 e5 34.
fxe5 fxe5 35. Bxe5 g6 36. Rf1 Ke6 37. Re1 Rh7 38. Bd4+ Kf7 39. b5 g5 40. b6 g4
41. b7 Be6 42. Rf1+ 1-0

[Event "SR 3. liga A2 2016/2017"]
[Site "?"]
[Date "2017.02.19"]
[Round "9.4"]
[White "Abel, Peter"]
[Black "Sebesta, Radovan"]
[Result "1/2-1/2"]
[WhiteElo "2202"]
[BlackElo "1984"]
[PlyCount "50"]
[EventDate "2016.??.??"]

1. c4 Nf6 2. Nc3 g6 3. g3 Bg7 4. Bg2 O-O 5. Nf3 d6 6. O-O Nbd7 7. d3 c5 8. h3
a6 9. Ne1 Rb8 10. a4 b6 11. Nc2 Bb7 12. e4 e6 13. f4 Qc7 14. Rb1 Rfd8 15. Ne3
Bc6 16. Bd2 Qb7 17. g4 Ne8 18. g5 Nc7 19. Ncd5 exd5 20. exd5 Bxa4 21. Qxa4 b5
22. Qc2 Re8 23. b3 Bd4 24. Rfe1 f5 25. Kh2 b4 1/2-1/2

[Event "SR 3. liga A2 2016/2017"]
[Site "?"]
[Date "2017.02.19"]
[Round "9.4"]
[White "Palka, Miroslav"]
[Black "Nemsak, Denis"]
[Result "1/2-1/2"]
[WhiteElo "1921"]
[BlackElo "2026"]
[PlyCount "64"]
[EventDate "2016.??.??"]

1. c4 e5 2. Nc3 Nc6 3. g3 f5 4. Bg2 Nf6 5. e3 d5 6. cxd5 Nb4 7. d4 e4 8. Bf1
Nbxd5 9. Nge2 Be6 10. Bg2 c6 11. O-O Bd6 12. Nxd5 Bxd5 13. Nc3 O-O 14. Nxd5
Nxd5 15. Bd2 Qe7 16. Rc1 Rf6 17. Qe2 Rh6 18. f3 Re8 19. fxe4 fxe4 20. Rf5 Qe6
21. Rcf1 Qg6 22. Qc4 Rxh2 23. Kxh2 Qxg3+ 24. Kg1 Qh2+ 25. Kf2 Bg3+ 26. Ke2
Qxg2+ 27. Kd1 h6 28. Qe2 Qh3 29. Rh5 Qe6 30. Rhf5 Nf6 31. b3 Bh4 32. Be1 Bg5
1/2-1/2

[Event "SR 3. liga A2 2016/2017"]
[Site "?"]
[Date "2017.02.19"]
[Round "9.4"]
[White "Bincik, Pavol"]
[Black "Lanik, Miroslav"]
[Result "1/2-1/2"]
[WhiteElo "1945"]
[BlackElo "1859"]
[PlyCount "89"]
[EventDate "2016.??.??"]

1. d4 d5 2. c4 c6 3. Nc3 Nf6 4. Nf3 e6 5. Bg5 Nbd7 6. e3 Qa5 7. Nd2 Bb4 8. Qc2
O-O 9. Bxf6 Nxf6 10. Bd3 h6 11. O-O Bd7 12. Nf3 Rac8 13. a3 Bxc3 14. b4 Qc7 15.
Qxc3 b5 16. c5 Ra8 17. a4 a6 18. Ne5 Qb7 19. h3 Rfc8 20. g4 Be8 21. f4 Ne4 22.
Bxe4 dxe4 23. Qc2 f6 24. Qxe4 fxe5 25. Qxe5 Bf7 26. f5 exf5 27. Qxf5 Rf8 28.
Rf4 Bc4 29. Qg6 Qe7 30. Rxf8+ Rxf8 31. e4 Qf6 32. Qxf6 Rxf6 33. axb5 axb5 34.
Rd1 Kf7 35. d5 cxd5 36. exd5 Ke7 37. Re1+ Kd7 38. d6 Rf7 39. Ra1 Kc6 40. Ra6+
Kd5 41. Ra1 Ke6 42. Re1+ Kd7 43. Re5 Kc6 44. Re1 Kd7 45. Re5 1/2-1/2

[Event "SR 3. liga A2 2016/2017"]
[Site "?"]
[Date "2017.02.19"]
[Round "9.4"]
[White "Skapikova, Lubica"]
[Black "Podjavorinsky, Michal"]
[Result "0-1"]
[WhiteElo "1896"]
[BlackElo "1848"]
[PlyCount "58"]
[EventDate "2016.??.??"]

1. e4 Nf6 2. e5 Nd5 3. d4 d6 4. c4 Nb6 5. f4 dxe5 6. fxe5 Nc6 7. Nf3 Bf5 8. Nc3
Nb4 9. Nh4 Nc2+ 10. Kf2 Qd7 11. Be3 Nxa1 12. Qxa1 Bg6 13. Be2 e6 14. g4 Be7 15.
g5 f6 16. Nxg6 hxg6 17. Qb1 f5 18. Kg3 O-O-O 19. d5 exd5 20. c5 f4+ 21. Bxf4
Qh3+ 22. Kf2 Bxc5+ 23. Ke1 Rhf8 24. Bg3 Qg2 25. Kd2 d4 26. Ne4 d3 27. Nxc5
dxe2+ 28. Kc3 Rf3+ 29. Kb4 Rd4+ 0-1

[Event "SR 3. liga A2 2016/2017"]
[Site "?"]
[Date "2017.02.19"]
[Round "9.4"]
[White "Mihalik, Anton"]
[Black "Lauko, Tomas"]
[Result "1/2-1/2"]
[WhiteElo "1940"]
[BlackElo "1711"]
[PlyCount "53"]
[EventDate "2016.??.??"]

1. c4 g6 2. Nc3 Bg7 3. g3 b6 4. Bg2 Nc6 5. e3 Bb7 6. d4 e6 7. Nge2 Na5 8. Bxb7
Nxb7 9. O-O c6 10. b3 h5 11. e4 c5 12. Be3 h4 13. Qd2 Bh6 14. Rad1 Bxe3 15.
Qxe3 Nf6 16. f3 hxg3 17. hxg3 cxd4 18. Qxd4 Ke7 19. Kg2 Qc7 20. e5 Nh5 21. Nf4
Nxf4+ 22. Qxf4 Rag8 23. Nb5 Qc5 24. Qf6+ Ke8 25. Qf4 Rh5 26. Qe4 Rxe5 27. Qc2
1/2-1/2

[Event "SR 3. liga A2 2016/2017"]
[Site "?"]
[Date "2017.02.19"]
[Round "9.4"]
[White "Fidericky, Milan"]
[Black "Curidlo, Jan"]
[Result "0-1"]
[WhiteElo "1739"]
[BlackElo "1896"]
[PlyCount "54"]
[EventDate "2016.??.??"]

1. d4 Nf6 2. c4 e6 3. Nc3 d5 4. Nf3 c6 5. cxd5 exd5 6. e3 Bd6 7. Bd3 h6 8. h3
Be6 9. Ne5 Nbd7 10. f4 Nb6 11. f5 Bd7 12. O-O Qe7 13. Nxd7 Qxd7 14. e4 dxe4 15.
Nxe4 Nbd5 16. Nc5 Bxc5 17. dxc5 O-O 18. Bc4 Qe7 19. Qb3 Qxc5+ 20. Kh1 b5 21.
Bxd5 Qxd5 22. Qg3 Kh7 23. Be3 Rfe8 24. Rfd1 Qxf5 25. Bd4 Qg6 26. Qxg6+ Kxg6 27.
Rac1 Re6 0-1

[Event "SR 3. liga A2 2016/2017"]
[Site "?"]
[Date "2017.02.19"]
[Round "9.4"]
[White "Slaba, Andrea"]
[Black "Dest, Stanislav"]
[Result "1/2-1/2"]
[WhiteElo "1821"]
[BlackElo "1410"]
[PlyCount "114"]
[EventDate "2016.??.??"]

1. Nf3 d5 2. c4 e6 3. e3 Nf6 4. b3 Be7 5. Bb2 O-O 6. Be2 Nbd7 7. O-O c5 8. d3
b6 9. Nbd2 Bb7 10. Rc1 Rc8 11. Rc2 Bd6 12. Qa1 Re8 13. cxd5 exd5 14. d4 Bf8 15.
Bb5 a6 16. Bxd7 Nxd7 17. dxc5 Nxc5 18. Rd1 Qe7 19. Ne1 Qe6 20. Ndf3 Qh6 21.
Rdc1 Qe6 22. Bd4 f6 23. b4 Na4 24. Nd3 Rxc2 25. Rxc2 Rc8 26. Qd1 Rxc2 27. Qxc2
Qc6 28. Qxc6 Bxc6 29. a3 Kf7 30. Nd2 Bb5 31. Nf4 Bc6 32. Nb3 Bd6 33. Ne2 Bb5
34. Nc3 Nxc3 35. Bxc3 Bc4 36. Nd2 Ke6 37. f4 Kf5 38. Kf2 g5 39. g3 g4 40. Bd4
Bc7 41. Ke1 Ke6 42. e4 b5 43. f5+ Ke7 44. Kf2 Be5 45. Ke3 h5 46. Nb1 Bb3 47.
Nc3 dxe4 48. Nxe4 Bc2 49. Nc5 Bxf5 50. Nxa6 Bd6 51. Bc5 Kd7 52. Bxd6 Kxd6 53.
Kd4 Bd7 54. Nc5 Bc8 55. Ne4+ Ke6 56. Kc5 Bd7 57. Nd6 f5 1/2-1/2

[Event "SR 3. liga A2 2016/2017"]
[Site "?"]
[Date "2017.02.19"]
[Round "9.5"]
[White "Lanc, Alois"]
[Black "Kalmar, Tamas"]
[Result "1-0"]
[WhiteElo "2314"]
[BlackElo "2070"]
[PlyCount "65"]
[EventDate "2016.??.??"]

1. e4 c6 2. d4 d5 3. Nc3 dxe4 4. Nxe4 Bf5 5. Ng3 Bg6 6. h4 h6 7. h5 Bh7 8. Nf3
Nd7 9. Bd3 Bxd3 10. Qxd3 e6 11. Bd2 Qc7 12. O-O-O Ngf6 13. Qe2 O-O-O 14. Ne5
Nb6 15. Ba5 Rd5 16. Bxb6 axb6 17. c4 Rd8 18. f4 Bd6 19. Kc2 Kb8 20. Rhe1 Rhe8
21. Qf3 c5 22. dxc5 bxc5 23. Nd3 Re7 24. Ne2 Red7 25. Nc3 Ne8 26. f5 exf5 27.
Qxf5 Nf6 28. Nb5 Qc6 29. Ne5 Bxe5 30. Qxe5+ Ka8 31. Rxd7 Qxd7 32. Qe3 Kb8 33.
Qg3+ 1-0

[Event "SR 3. liga A2 2016/2017"]
[Site "?"]
[Date "2017.02.19"]
[Round "9.5"]
[White "Veselsky, Jozef"]
[Black "Kavon, Rastislav"]
[Result "1/2-1/2"]
[WhiteElo "2078"]
[BlackElo "2190"]
[PlyCount "76"]
[EventDate "2016.??.??"]

1. d4 Nf6 2. Nf3 g6 3. c4 Bg7 4. Nc3 O-O 5. e4 d6 6. Be2 e5 7. dxe5 dxe5 8.
Qxd8 Rxd8 9. Bg5 Re8 10. Nd5 Nxd5 11. cxd5 c6 12. Bc4 cxd5 13. Bxd5 Nd7 14. Nd2
Nc5 15. O-O Be6 16. Bxe6 Nxe6 17. Be3 Bf8 18. Nb3 b6 19. Rac1 f5 20. f3 Red8
21. Rfd1 Be7 22. Kf1 Bg5 23. Bxg5 Nxg5 24. exf5 gxf5 25. Ke2 Ne6 26. g3 Kf7 27.
Rxd8 Rxd8 28. Rc4 Kf6 29. Rh4 Kg6 30. Rc4 h5 31. a4 Rb8 32. Rc6 Kf7 33. Kd2 Ke7
34. Rc4 Rg8 35. Ke3 Kd6 36. Rh4 Ng7 37. Rc4 Rb8 38. Nd2 Ne6 1/2-1/2

[Event "SR 3. liga A2 2016/2017"]
[Site "?"]
[Date "2017.02.19"]
[Round "9.5"]
[White "Bango, Lukas"]
[Black "Meszaros, Lorant"]
[Result "1-0"]
[WhiteElo "2053"]
[BlackElo "1994"]
[PlyCount "23"]
[EventDate "2016.??.??"]

1. e4 e5 2. Nf3 Nc6 3. Bc4 Bc5 4. b4 Bxb4 5. c3 Be7 6. d4 Na5 7. Bd3 exd4 8.
cxd4 d5 9. exd5 Qxd5 10. O-O Nf6 11. Re1 Be6 12. Re5 1-0

[Event "SR 3. liga A2 2016/2017"]
[Site "?"]
[Date "2017.02.19"]
[Round "9.5"]
[White "Csefalvay, Stefan"]
[Black "Kozinka, Roman"]
[Result "0-1"]
[WhiteElo "1802"]
[BlackElo "2011"]
[PlyCount "58"]
[EventDate "2016.??.??"]

1. c4 Nf6 2. Nf3 e6 3. g3 c5 4. Bg2 Nc6 5. O-O d5 6. cxd5 Nxd5 7. d3 Be7 8. Nc3
O-O 9. a3 Nb6 10. Na4 e5 11. Bd2 Be6 12. Nxb6 Qxb6 13. Bc3 Bb3 14. Qd2 f6 15.
Nh4 Rfd8 16. Nf5 Bf8 17. Qe1 Qb5 18. Ne3 Rac8 19. Rc1 Nd4 20. h3 h6 21. f4 Qe8
22. Qf2 exf4 23. gxf4 Qh5 24. Bxd4 cxd4 25. Nc4 Re8 26. Rfe1 b5 27. Na5 Rxc1
28. Rxc1 Rxe2 29. Qxd4 Qg6 0-1

[Event "SR 3. liga A2 2016/2017"]
[Site "?"]
[Date "2017.02.19"]
[Round "9.5"]
[White "Capanda, Jan"]
[Black "Both, Lajos"]
[Result "1-0"]
[WhiteElo "1857"]
[BlackElo "1812"]
[PlyCount "105"]
[EventDate "2016.??.??"]

1. e4 c5 2. Nf3 Nc6 3. d4 cxd4 4. Nxd4 Nf6 5. Nc3 e5 6. Nf3 Bb4 7. Bd3 Bxc3+ 8.
bxc3 h6 9. O-O O-O 10. h3 d5 11. Nd2 dxe4 12. Nxe4 Nxe4 13. Bxe4 Qc7 14. f4
exf4 15. Bxf4 Qb6+ 16. Kh1 Be6 17. Qh5 f5 18. Bxh6 fxe4 19. Qg6 Qc7 20. Qxe6+
Kh8 21. Be3 Rae8 22. Rxf8+ Rxf8 23. Qxe4 Qf7 24. Rb1 Re8 25. Qd3 Ne5 26. Qb5 b6
27. Rf1 Qe6 28. Bd4 Nc4 29. Qg5 Qe7 30. Rf6 Ne5 31. Rf5 Qxg5 32. Rxg5 Nc6 33.
Bxg7+ Kh7 34. Bd4 Re7 35. Kg1 Na5 36. Kf2 Nc4 37. a4 Na3 38. a5 Nxc2 39. axb6
Nxd4 40. bxa7 Rxa7 41. cxd4 Rd7 42. d5 Kh6 43. h4 Rd6 44. Ke3 Ra6 45. g3 Ra3+
46. Kf4 Ra4+ 47. Ke5 Ra3 48. d6 Re3+ 49. Kf6 Rd3 50. Ke7 Re3+ 51. Kd8 Rd3 52.
d7 Rd4 53. Rc5 1-0

[Event "SR 3. liga A2 2016/2017"]
[Site "?"]
[Date "2017.02.19"]
[Round "9.5"]
[White "Arpa, Zoltan"]
[Black "Lopatievov, Alexander"]
[Result "1/2-1/2"]
[WhiteElo "1783"]
[BlackElo "1871"]
[PlyCount "120"]
[EventDate "2016.??.??"]

1. d4 d5 2. c4 c6 3. e3 Nf6 4. Nc3 a6 5. Nf3 Bg4 6. cxd5 cxd5 7. Be2 Nc6 8. a3
e6 9. O-O Bd6 10. h3 Bh5 11. b4 Rc8 12. Bb2 O-O 13. Rc1 Bb8 14. Nh2 Qd6 15. g3
Bg6 16. Ng4 Nh5 17. Nh6+ gxh6 18. Bxh5 Ne7 19. Qf3 Nf5 20. Bg4 Ng7 21. Qf4 Qe7
22. Qxh6 f5 23. Be2 Rc6 24. Na4 Rfc8 25. Rxc6 Rxc6 26. Nc5 Bf7 27. Qh4 Qxh4 28.
gxh4 Be8 29. Rc1 Rc7 30. Nd3 Bb5 31. Rxc7 Bxc7 32. Nc1 Be8 33. Nb3 Bd8 34. Nc5
Bc6 35. h5 Kf7 36. h6 Ne8 37. Bh5+ Ke7 38. Bxe8 Kxe8 39. Nxe6 Be7 40. Ng7+ Kf7
41. Nxf5 Bf8 42. Kg2 Kf6 43. Nh4 Bxh6 44. Nf3 Kf5 45. Nd2 Ba4 46. Kg3 Bd1 47.
Nb1 Bf8 48. Nc3 Bb3 49. Kh4 Kg6 50. Kg4 h5+ 51. Kg3 Bd6+ 52. f4 Be7 53. Bc1 Kf5
54. Bd2 Ke6 55. Be1 Kf5 56. Kf3 Bf6 57. a4 Be7 58. b5 axb5 59. axb5 Bb4 60. Kf2
Bxc3 1/2-1/2

[Event "SR 3. liga A2 2016/2017"]
[Site "?"]
[Date "2017.02.19"]
[Round "9.5"]
[White "Bango, Dominik"]
[Black "Sarkozi, Szabolcs"]
[Result "0-1"]
[WhiteElo "1765"]
[BlackElo "1625"]
[PlyCount "72"]
[EventDate "2016.??.??"]

1. e4 c5 2. Nf3 e6 3. d4 cxd4 4. Nxd4 Nf6 5. Nc3 Nc6 6. Be3 Bb4 7. f3 Qa5 8.
Qd2 Nxd4 9. Bxd4 e5 10. Bf2 O-O 11. Bc4 Rd8 12. O-O d6 13. Rad1 Be6 14. Bb3
Rac8 15. Qe3 Bxc3 16. bxc3 b6 17. Rd3 Ne8 18. Rfd1 Rc6 19. Bh4 Rd7 20. Be1 Rdc7
21. Qd2 b5 22. Qe3 Bc4 23. R3d2 Rc8 24. Rf2 Qc7 25. f4 Nf6 26. Qf3 a5 27. a4
Bxb3 28. axb5 Bxc2 29. Rxc2 Qb6+ 30. Kh1 Qxb5 31. Bg3 exf4 32. Bxf4 Qa4 33.
Rcd2 Rxc3 34. Rd3 Rxd3 35. Qxd3 Nxe4 36. Qe2 Qxd1+ 0-1

[Event "SR 3. liga A2 2016/2017"]
[Site "?"]
[Date "2017.02.19"]
[Round "9.5"]
[White "Lelkes, Bela St"]
[Black "Lezovic, Maros"]
[Result "1/2-1/2"]
[WhiteElo "1629"]
[BlackElo "1849"]
[PlyCount "79"]
[EventDate "2016.??.??"]

1. e4 e5 2. Bc4 Nf6 3. Nc3 Be7 4. f4 Nc6 5. Nf3 d6 6. Ng5 Rf8 7. O-O Bg4 8. Be2
Be6 9. f5 Bd7 10. d3 g6 11. g4 h6 12. Nh3 g5 13. Be3 Rg8 14. Kh1 a6 15. Rg1 Nd4
16. Bf1 c5 17. Rg3 Bc6 18. Ne2 Nxe2 19. Qxe2 d5 20. exd5 Nxd5 21. Bg2 f6 22.
Bd2 Qc7 23. Be4 O-O-O 24. Qf3 Qb6 25. b3 Nb4 26. Bxc6 Nxc2 27. Bxb7+ Qxb7 28.
Qxb7+ Kxb7 29. Rc1 Nd4 30. Rc4 Bd6 31. Re3 Rd7 32. Nf2 Rgd8 33. Ba5 Rc8 34. Ne4
Be7 35. Kg2 h5 36. h3 h4 37. Kf2 Rc6 38. Ke1 Nb5 39. a4 Nc7 40. Bxc7 1/2-1/2

[Event "SR 3. liga A2 2016/2017"]
[Site "?"]
[Date "2017.02.19"]
[Round "9.6"]
[White "Kolenak, Matus"]
[Black "Castiglione, Mario"]
[Result "0-1"]
[WhiteElo "1977"]
[BlackElo "2233"]
[PlyCount "108"]
[EventDate "2016.??.??"]

1. d4 Nf6 2. Nf3 c6 3. g3 d5 4. Bg2 h6 5. O-O Bf5 6. c4 dxc4 7. Nc3 Nbd7 8. Re1
e6 9. e4 Bg4 10. h3 Bxf3 11. Bxf3 Bb4 12. Qe2 b5 13. d5 O-O 14. dxc6 Ne5 15.
Rd1 Qb6 16. Bf4 Nxf3+ 17. Qxf3 Qxc6 18. Bxh6 Bxc3 19. Qxc3 b4 20. Qe5 Qxe4 21.
Bf4 Qxe5 22. Bxe5 Nd5 23. Rac1 Rac8 24. Rd4 f6 25. Bf4 c3 26. bxc3 Nxc3 27. Rd2
Nd5 28. Re1 Rc6 29. Be3 a5 30. Bd4 Rfc8 31. Ree2 Kf7 32. Kg2 R8c7 33. f4 Nc3
34. Re1 Nb5 35. Bf2 Rc2 36. Ree2 Rxd2 37. Rxd2 Rb7 38. Kf3 Nc3 39. Bd4 Nd5 40.
Ke4 Rc7 41. g4 Rc1 42. f5 Rh1 43. Rc2 Re1+ 44. Kf3 e5 45. Rc5 exd4 46. Rxd5
Re3+ 47. Kf4 Ra3 48. Rxd4 Rxa2 49. Ke4 b3 50. Kd3 a4 51. Rd7+ Ke8 52. Rxg7 b2
53. Kc2 a3 54. Rb7 Ra1 0-1

[Event "SR 3. liga A2 2016/2017"]
[Site "?"]
[Date "2017.02.19"]
[Round "9.6"]
[White "Pribila, Gerhard"]
[Black "Sturdik, Igor"]
[Result "1-0"]
[WhiteElo "2140"]
[BlackElo "1975"]
[PlyCount "215"]
[EventDate "2016.??.??"]

1. Nf3 Nf6 2. g3 g6 3. b3 Bg7 4. Bb2 b6 5. Bg2 Bb7 6. O-O O-O 7. c4 c5 8. d4
cxd4 9. Qxd4 Nh5 10. Qd2 Bxb2 11. Qxb2 d6 12. Nc3 Nd7 13. Rad1 Nhf6 14. Rfe1
Nc5 15. Qd2 Kg7 16. Qd4 Ne6 17. Qd2 Nc5 18. Qc2 Nce4 19. Rd4 Nxc3 20. Qxc3 Qc7
21. Nh4 Bxg2 22. Nxg2 Rac8 23. Qb2 Rfd8 24. Red1 Kg8 25. Ne3 Qc5 26. Nd5 Nxd5
27. Rxd5 Qc6 28. Qd2 Qe8 29. h4 h5 30. e4 Rc5 31. Rxc5 bxc5 32. Qa5 Ra8 33. e5
Qc6 34. Rd5 a6 35. Qe1 Ra7 36. Qe3 Kg7 37. Qc3 f6 38. exd6 exd6 39. Qd2 Rd7 40.
Qe3 Qc7 41. Qe6 Qd8 42. Rd3 Qc7 43. f3 Qd8 44. Kf2 Qc7 45. Rd5 Qd8 46. g4 hxg4
47. fxg4 Kf8 48. Kg3 Qe7 49. Qxe7+ Kxe7 50. Kf4 Ke6 51. h5 g5+ 52. Ke4 Re7 53.
Rd2 Rd7 54. Rd3 Rd8 55. Rd5 Rd7 56. Rf5 Re7 57. Rf2 Rd7 58. Re2 Rh7 59. Kd3+
Kf7 60. Kc3 f5 61. Rf2 f4 62. Rd2 Ke6 63. Rd5 Rf7 64. Kd2 Rg7 65. Ke2 Rg8 66.
Kf3 Rg7 67. Rf5 a5 68. Kf2 Ke7 69. Ke2 Rg8 70. Kf3 Ke6 71. h6 Rh8 72. Rxg5 Rxh6
73. Rh5 Rf6 74. Rd5 Rf7 75. Rd2 Ke5 76. Re2+ Kf6 77. Kxf4 Rh7 78. g5+ Kf7 79.
Kf5 Rh1 80. g6+ Kf8 81. Rd2 Ke7 82. Re2+ Kf8 83. Re6 Rf1+ 84. Kg4 Rd1 85. Re4
Kg7 86. Kf5 Rf1+ 87. Rf4 Re1 88. Re4 Rf1+ 89. Ke6 Rf6+ 90. Kd7 Rxg6 91. Re6 Rg2
92. Kxd6 Rxa2 93. Kxc5 a4 94. bxa4 Rxa4 95. Kb5 Ra1 96. c5 Kf7 97. Re2 Rb1+ 98.
Kc6 Rd1 99. Kb6 Rb1+ 100. Kc7 Rb3 101. c6 Rb1 102. Kd7 Rd1+ 103. Kc8 Rd3 104.
c7 Rb3 105. Re4 Kf8 106. Re5 Kf7 107. Kd7 Rd3+ 108. Kc6 1-0

[Event "SR 3. liga A2 2016/2017"]
[Site "?"]
[Date "2017.02.19"]
[Round "9.6"]
[White "Mosny, Jaroslav"]
[Black "Travnicek, Petr"]
[Result "1/2-1/2"]
[WhiteElo "1961"]
[BlackElo "2092"]
[PlyCount "87"]
[EventDate "2016.??.??"]

1. d4 Nf6 2. Nf3 g6 3. Bg5 Bg7 4. Nbd2 d5 5. e3 O-O 6. Bd3 c5 7. c3 cxd4 8.
exd4 Nc6 9. O-O Qb6 10. Qb3 Qxb3 11. axb3 Bg4 12. Rfe1 Rfe8 13. b4 a6 14. h3
Bxf3 15. Nxf3 Nd7 16. b5 axb5 17. Bxb5 e6 18. Bf4 Rec8 19. Kf1 Nb6 20. Nd2 Bf8
21. Nb3 Na7 22. Bd3 Nc4 23. Bxc4 dxc4 24. Nd2 b5 25. Ra6 Nc6 26. Rea1 Rxa6 27.
Rxa6 b4 28. Ne4 bxc3 29. bxc3 Kg7 30. Ke2 f5 31. Nd2 Kf6 32. Nf3 h6 33. h4 Ne7
34. Be5+ Kf7 35. Ra7 Ke8 36. Kd2 Nd5 37. Kc2 Be7 38. g3 g5 39. hxg5 hxg5 40.
Ra6 Kf7 41. Ra7 Ke8 42. Kd2 Kf8 43. Kc2 Ke8 44. Kd2 1/2-1/2

[Event "SR 3. liga A2 2016/2017"]
[Site "?"]
[Date "2017.02.19"]
[Round "9.6"]
[White "Ambros, Rafael"]
[Black "Doucha, Ludvig"]
[Result "1-0"]
[WhiteElo "1997"]
[BlackElo "1902"]
[PlyCount "71"]
[EventDate "2016.??.??"]

1. e4 e5 2. Nf3 d6 3. d4 exd4 4. Nxd4 g6 5. Nc3 Bg7 6. Be3 Ne7 7. Qd2 O-O 8.
O-O-O Nbc6 9. h4 f5 10. Bc4+ Kh8 11. h5 f4 12. hxg6 Nxg6 13. Nxc6 fxe3 14. Qd5
Nf4 15. Nxd8 Nxd5 16. Nxd5 Rxd8 17. Nxc7 Rb8 18. f3 a6 19. Nd5 b5 20. Bb3 e2
21. Rde1 a5 22. Ne7 Bf6 23. Nc6 a4 24. Bd5 Bb7 25. Nxd8 Bxd5 26. exd5 Rxd8 27.
Rxe2 a3 28. b3 Rc8 29. Re6 Bg5+ 30. Kd1 Bf4 31. Rh4 Be5 32. f4 Bg7 33. Rxd6 Bf8
34. Rd7 Bg7 35. Rb7 Re8 36. d6 1-0

[Event "SR 3. liga A2 2016/2017"]
[Site "?"]
[Date "2017.02.19"]
[Round "9.6"]
[White "Bukovsky, Milan"]
[Black "Brunovsky, Peter"]
[Result "1-0"]
[WhiteElo "1922"]
[BlackElo "1827"]
[PlyCount "81"]
[EventDate "2016.??.??"]

1. d4 Nf6 2. c4 g6 3. Nc3 Bg7 4. e4 d6 5. Be2 O-O 6. Bg5 Na6 7. Nf3 c5 8. d5
Nc7 9. O-O Bd7 10. Qd2 Ng4 11. h3 Ne5 12. Nh4 f6 13. Bh6 Nf7 14. Bxg7 Kxg7 15.
f4 a6 16. a4 Rb8 17. Nf3 b5 18. axb5 axb5 19. b3 bxc4 20. bxc4 Ra8 21. e5 dxe5
22. fxe5 Rxa1 23. Rxa1 Nxe5 24. Nxe5 fxe5 25. Qe3 Kg8 26. Qxe5 Ne8 27. Ne4 Rf5
28. Qg3 Nf6 29. Nxc5 Qb6 30. Qe3 Ne4 31. Qxe4 Qxc5+ 32. Kh1 Rf6 33. Ra8+ Kf7
34. Qh4 Kg7 35. Qg3 Qd6 36. Qc3 Qc5 37. Qe5 Qd6 38. Qe3 Rf5 39. Ra7 Re5 40. Qd4
Kf8 41. Rxd7 1-0

[Event "SR 3. liga A2 2016/2017"]
[Site "?"]
[Date "2017.02.19"]
[Round "9.6"]
[White "Kocak, Branislav"]
[Black "Bahna, Jan"]
[Result "0-1"]
[WhiteElo "1879"]
[BlackElo "1836"]
[PlyCount "146"]
[EventDate "2016.??.??"]

1. Nf3 d5 2. d4 Nf6 3. c4 e6 4. Nc3 Be7 5. Bg5 a6 6. cxd5 exd5 7. e3 c6 8. Bd3
O-O 9. O-O Re8 10. Re1 Bg4 11. Qb3 Qc7 12. Ne5 Be6 13. Qc2 h6 14. Bh4 Nh5 15.
Bxe7 Qxe7 16. f4 Nd7 17. Rf1 Nxe5 18. fxe5 Qg5 19. Qf2 f6 20. h4 Qg3 21. Qxg3
Nxg3 22. Rf3 Ne4 23. Nxe4 dxe4 24. Bxe4 fxe5 25. dxe5 Rad8 26. b3 Bd5 27. Rf4
Rxe5 28. Rd1 Rd7 29. Rd3 Be6 30. Rxd7 Bxd7 31. Bd3 Rxe3 32. Rd4 Re7 33. Bc4+
Kf8 34. Kf2 Be6 35. Rd8+ Kf7 36. Bxe6+ Kxe6 37. Kf3 Rd7 38. Re8+ Kd5 39. Ke3
Kc5 40. a3 a5 41. g4 b5 42. Re5+ Kd6 43. Rf5 c5 44. Kd3 g6 45. Rf1 Ke5+ 46. Ke3
Rd4 47. Rc1 Kd5 48. Rg1 c4 49. bxc4+ bxc4 50. h5 g5 51. a4 c3 52. Rb1 Kc4 53.
Rb8 Rxg4 54. Rb6 Rh4 55. Rxh6 c2 56. Kd2 Rh2+ 57. Kc1 Kb3 58. Rb6+ Kxa4 59. h6
g4 60. Rg6 Kb3 61. Rb6+ Kc3 62. Rc6+ Kd3 63. Rd6+ Ke4 64. Ra6 g3 65. Rg6 g2 66.
h7 Kf3 67. Rf6+ Ke2 68. Re6+ Kf2 69. Rf6+ Kg1 70. Rf7 Kh1 71. Rg7 g1=Q+ 72.
Rxg1+ Kxg1 73. h8=Q Rxh8 0-1

[Event "SR 3. liga A2 2016/2017"]
[Site "?"]
[Date "2017.02.19"]
[Round "9.6"]
[White "Krist, Milan"]
[Black "Zajicek, Ferdinand"]
[Result "1/2-1/2"]
[WhiteElo "1835"]
[BlackElo "1788"]
[PlyCount "77"]
[EventDate "2016.??.??"]

1. d4 c5 2. d5 d6 3. c4 e6 4. Nc3 Nf6 5. Bg5 Be7 6. dxe6 fxe6 7. e4 Nc6 8. Nf3
O-O 9. Bd3 h6 10. Bh4 Nxe4 11. Nxe4 Bxh4 12. O-O Bf6 13. Qe2 Nd4 14. Nxf6+ Qxf6
15. Nxd4 Qxd4 16. Rad1 Qf6 17. Qe4 Qf5 18. Bb1 Qxe4 19. Bxe4 Rd8 20. Rd2 Kf8
21. Rfd1 Ke7 22. Rd3 Rb8 23. Rg3 g5 24. h4 Rg8 25. hxg5 hxg5 26. Rgd3 Rd8 27.
Rh3 a6 28. Rh6 b5 29. b3 bxc4 30. bxc4 Rb4 31. Re1 Rxc4 32. Bd5 Rd4 33. Bxe6
Bxe6 34. Rh7+ Kf6 35. Rh6+ Kg7 36. Rexe6 Rd1+ 37. Kh2 Rd4 38. Rhg6+ Kf7 39.
Rgf6+ 1/2-1/2

[Event "SR 3. liga A2 2016/2017"]
[Site "?"]
[Date "2017.02.19"]
[Round "9.6"]
[White "Kastler, Peter"]
[Black "Babirat, Michal"]
[Result "1/2-1/2"]
[WhiteElo "1752"]
[BlackElo "1815"]
[PlyCount "63"]
[EventDate "2016.??.??"]

1. d4 Nf6 2. c4 e6 3. Nc3 Bb4 4. Bd2 c5 5. Nf3 Nc6 6. e3 cxd4 7. Nxd4 O-O 8.
Be2 Nxd4 9. exd4 d5 10. cxd5 Nxd5 11. Nxd5 Bxd2+ 12. Qxd2 Qxd5 13. Bf3 Qd6 14.
Qc3 Rd8 15. Rd1 Rb8 16. O-O b6 17. Rd2 Ba6 18. Rfd1 Rbc8 19. Qe3 Rc7 20. Be2
Bb7 21. Qe5 Rcd7 22. Qxd6 Rxd6 23. f4 f6 24. Kf2 e5 25. fxe5 fxe5 26. d5 Kf8
27. Bf3 Ke7 28. Ke3 Rc8 29. Be4 g6 30. Rf2 Rf8 31. Rxf8 Kxf8 32. Bf3 1/2-1/2

[Event "SR 3. liga A2 2016/2017"]
[Site "?"]
[Date "2017.03.05"]
[Round "10.1"]
[White "Spacek, Oliver"]
[Black "Castiglione, Mario"]
[Result "0-1"]
[WhiteElo "2211"]
[BlackElo "2252"]
[PlyCount "68"]
[EventDate "2016.??.??"]

1. d4 Nf6 2. c4 d6 3. Nc3 Nbd7 4. g3 e5 5. Nf3 c6 6. Bg2 e4 7. Nd2 d5 8. f3
exf3 9. Bxf3 dxc4 10. Nxc4 Nb6 11. Ne5 Bd6 12. Nd3 Bc7 13. Bf4 Bxf4 14. Nxf4 g5
15. Nh5 Nxh5 16. Bxh5 Bh3 17. e4 O-O 18. g4 Nc4 19. Rg1 Nxb2 20. Qd2 Nc4 21.
Qf2 Qa5 22. Rg3 Rae8 23. O-O-O b5 24. Rxh3 Qa3+ 25. Kb1 b4 26. Nd5 Qxh3 27.
Nf6+ Kh8 28. Nxe8 Na3+ 29. Ka1 Qc3+ 30. Qb2 Rxe8 31. d5 cxd5 32. exd5 Kg8 33.
Qxc3 bxc3 34. d6 Rb8 0-1

[Event "SR 3. liga A2 2016/2017"]
[Site "?"]
[Date "2017.03.05"]
[Round "10.1"]
[White "Danada, Tomas"]
[Black "Nemeckay, Rastislav"]
[Result "1-0"]
[WhiteElo "2235"]
[BlackElo "1989"]
[PlyCount "55"]
[EventDate "2016.??.??"]

1. d4 d5 2. c4 c6 3. Nf3 Nf6 4. Nc3 e6 5. g3 Nbd7 6. Bg2 Be7 7. O-O O-O 8. Qd3
b6 9. e4 dxe4 10. Nxe4 Bb7 11. Rd1 c5 12. Nfg5 Qc8 13. dxc5 Bxc5 14. Nxh7 Bxe4
15. Bxe4 Nxe4 16. Qxe4 Re8 17. Ng5 Nf6 18. Qe2 Rd8 19. Bf4 Bd4 20. Rd2 e5 21.
Bxe5 Bxe5 22. Rxd8+ Qxd8 23. Qxe5 Qd2 24. Re1 Qxf2+ 25. Kxf2 Ng4+ 26. Kf3 Nxe5+
27. Rxe5 f6 28. Re7 1-0